| 000 | 00529nam a22001937a 4500 | ||
|---|---|---|---|
| 003 | OSt | ||
| 005 | 20240412123723.0 | ||
| 008 | 150108b xxu||||| |||| 00| 0 eng d | ||
| 020 | _a0619035692 | ||
| 040 | _c040a | ||
| 082 | _a005.1 MAL 2002 | ||
| 100 |
_aMalik, D. S. _92330 |
||
| 245 |
_aC++ Programming : _bprogram design including data structures |
||
| 260 |
_aAustralia; _bThomson, _c2002 |
||
| 300 |
_axxix,1404; _bcol.ill : _c15 cm. |
||
| 504 | _aincludes index | ||
| 650 |
_aProgramming language _9497 |
||
| 942 |
_2ddc _cSLOAN |
||
| 999 |
_c859 _d859 |
||